Online
Catalog

El concepto de generación literaria / (Record no. 40071)

MARC details
000 -CABECERA
campo de control de longitud fija 00471nam a2200157 a 4500
001 - NÚMERO DE CONTROL
campo de control 000040581
005 - FECHA Y HORA DE LA ÚLTIMA TRANSACCIÓN
campo de control 20201002034229.0
008 - DATOS DE LONGITUD FIJA--INFORMACIÓN GENERAL
campo de control de longitud fija 130902s20uu sp 000 0 spa d
020 ## - NÚMERO INTERNACIONAL ESTÁNDAR DEL LIBRO
Número Internacional Estándar del Libro 8477383421
040 ## - FUENTE DE LA CATALOGACIÓN
Centro catalogador/agencia de origen DO-SdBNP
Lengua de catalogación spa
Centro/agencia transcriptor BNPHU
100 1# - ENTRADA PRINCIPAL--NOMBRE DE PERSONA
Nombre de persona Mateo Garbarte, Eduardo
9 (RLIN) 66915
245 13 - MENCIÓN DE TÍTULO
Título El concepto de generación literaria /
Mención de responsabilidad, etc. Eduardo Mateo Garbarte.
260 ## - PUBLICACIÓN, DISTRIBUCIÓN, ETC.
Lugar de publicación, distribución, etc. Madrid :
Nombre del editor, distribuidor, etc. Síntesis,
Fecha de publicación, distribución, etc. [20-?].
300 ## - DESCRIPCIÓN FÍSICA
Extensión 303 p. ;
Dimensiones 22cm.
504 ## - NOTA DE BIBLIOGRAFÍA, ETC.
Nota de bibliografía, etc. Bibliografía : p. 293-303
Holdings
Estado de retiro Estado de pérdida Restricciones de uso No para préstamo Código de colección Localización permanente Ubicación/localización actual Ubicación en estantería Fecha de adquisición Número de inventario Total de préstamos Signatura topográfica completa Código de barras Fecha visto por última vez Precio válido a partir de Tipo de ítem Koha
        Monografías: Libros y Folletos General General En catalogación 02.09.2013 LF1   40581-10 25.06.2020 25.06.2020 Préstamo en sala

Powered by Koha